[Event "XXIX Cracovia 2018"]
[Site "Krakow"]
[Date "2019.01.02"]
[Round "7"]
[White "Godzwon, Iwo"]
[Black "Schreiner, Peter"]
[Result "1/2-1/2"]
[WhiteElo "2323"]
[BlackElo "2479"]
[Annotator "TA"]
[PlyCount "174"]
[EventDate "2018.12.27"]
[EventType "swiss"]
[EventCountry "POL"]
[SourceTitle "playchess.com"]
[Source "ChessBase"]
[SourceQuality "1"]

{[%evp 11,174,37,43,14,21,10,21,-19,1,-18,-24,-43,-41,-41,-40,-45,-39,-50,-51,-62,-77,-70,-47,-58,-33,-46,-25,-30,-16,-84,-67,-138,-145,-132,-98,-95,-102,-112,-102,-112,-12,-10,0,-7,-13,-10,-13,-14,0,-15,0,-19,0,0,1,0,0,0,0,-8,0,0,0,0,0,0,0,0,0,-8,-8,-4,22,0,31,11,42,0,19,14,22,0,0,0,0,0,28,0,0,0,0,0,0,0,0,0,0,0,0,0,0,0,0,0,0,0,0,-8,-8,-8,0,0,0,-8,-8,-8,0,-8,0,-8,-8,-8,-8,-8,-8,-8,-8,-8,0,-8,0,-8,-8,-8,0,-8,-8,-8,0,-8,0,0,0,0,0,0,0,0,0,0,0,0,0,0,0,0,0,0,0,0,0,0,0,0,0]} 1. d4 Nf6 2. c4 g6 3. Nf3 Bg7 4. g3 O-O 5. Bg2 d6 6. O-O Bf5 {LiveBook: 111 Games} 7. Nbd2 {E60: King's Indian: Unusual lines and Fianchetto Variation without Nc3} (7. Re1 c6 8. Nc3 Ne4 9. Qb3 Qb6 10. g4 Nxc3 11. gxf5 Ne4 12. fxg6 hxg6 13. Qd3 d5 14. b3 Nd7 15. Be3 e6 16. h4 f5 17. cxd5 exd5 {1-0 (48) Mamedyarov,S (2800)-Caruana,F (2808) Paris 2017}) 7... c5 $146 ({Predecessor:} 7... Qc8 8. Re1 Nc6 9. d5 Nb4 10. e4 Bh3 11. Nb3 Bxg2 12. Kxg2 Nd7 13. a3 Na6 14. Re2 c5 {½-½ (41) Macles,J (2329)-Moingt,J (2244) France 2011}) 8. Nh4 Bc8 $1 9. Nb3 Qb6 10. dxc5 dxc5 11. Bd2 a5 {[%cal Ba7a5,Ba5a4][%mdl 32]} 12. Bc3 a4 13. Nd2 Nc6 14. Nhf3 Bf5 15. Ne5 Nxe5 16. Bxe5 Rfd8 17. Qc1 $1 Ne4 18. Nf3 Bxe5 19. Nxe5 {g4 is the strong threat.} Qf6 $36 {[%mdl 2048] Black fights for an advantage.} 20. Nd3 {[#]} (20. f4 $11 {keeps the balance.} h5 21. Qe3) 20... a3 $1 $17 {[%mdl 512] And now ...Rxd3! would win.} 21. bxa3 (21. Rb1 $15) 21... Nc3 22. Re1 {[#]} Nxe2+ $1 {[%mdl 512]} 23. Rxe2 Bxd3 24. Re1 Rd7 25. Qe3 Rad8 ({Don't play} 25... Rxa3 $6 26. Qxc5 Ra8 27. a4 $11) ({Black should try} 25... Qd4 $17 26. Rad1 Rxa3) 26. Qxc5 $11 b6 27. Qc6 Rd6 28. Qc7 R8d7 29. Qc8+ Rd8 30. Qc7 R6d7 31. Qc6 Qxc6 (31... Kg7 {feels hotter.} 32. Qxf6+ Kxf6 33. Rac1 Bf5 34. a4 Rc7) 32. Bxc6 Ra7 33. Rad1 Rc8 34. Rxd3 {aiming for Bb5.} Rxc6 {[%mdl 4096] Endgame KRR-KRR} 35. Rd4 e6 36. Re3 Kg7 37. Kg2 Kf6 38. Rb3 Ke7 39. Kf3 Ra5 40. Ke3 e5 41. Rdd3 Ke6 42. Rb5 Ra6 43. Rdb3 h5 44. h4 Kf5 45. Rc3 Ra7 46. Kf3 Rd7 47. a4 Ra7 48. Rb4 Rac7 49. Kg2 Rd7 {The position is equal.} 50. Rf3+ Ke6 51. Rfb3 Rdd6 52. Kf3 Kf5 53. a3 f6 54. Kg2 g5 55. hxg5 Kxg5 56. Kf3 f5 57. Rb5 e4+ 58. Kg2 Rxc4 59. Rxb6 (59. a5 {looks sharper.} bxa5 60. Rxa5 Rc2 61. Rbb5 e3 62. Rxf5+ Kg6 63. Rg5+) 59... Rxb6 60. Rxb6 Rxa4 {KR-KR} 61. f4+ exf3+ $1 62. Kxf3 Rxa3+ 63. Kf2 Ra2+ 64. Kf3 Ra3+ 65. Kf2 h4 66. gxh4+ Kxh4 67. Rg6 Kh5 68. Rg8 (68. Rg1 {with more complications.} Ra2+ 69. Kf3 Ra4 70. Rg7 Rb4 71. Rg8) 68... Kh6 69. Ke2 Kh5 70. Kf2 Kh4 71. Rg7 Rb3 72. Rg8 Ra3 73. Rg7 Ra1 74. Rg8 Ra3 75. Rg7 f4 76. Rh7+ Kg4 77. Rg7+ Kf5 78. Rf7+ Ke5 79. Re7+ Kf5 80. Rf7+ Kg5 81. Rg7+ Kf6 (81... Kh4 {is more complex.}) 82. Rg8 Rb3 83. Rf8+ Ke5 84. Re8+ Kd6 85. Rf8 Rb4 86. Kf3 Rb1 87. Rxf4 Ke5 {Accuracy: White = 52%, Black = 50%.} 1/2-1/2

[Event "XXIX Cracovia 2018"]
[Site "Krakow"]
[Date "2019.01.02"]
[Round "7"]
[White "Dietmayer-Kraeutler, Marco"]
[Black "Klekowski, Maciej"]
[Result "1-0"]
[WhiteElo "2311"]
[BlackElo "2499"]
[Annotator "TA"]
[PlyCount "101"]
[EventDate "2018.12.27"]
[EventType "swiss"]
[EventCountry "POL"]
[SourceTitle "playchess.com"]
[Source "ChessBase"]
[SourceQuality "1"]

{[%evp 22,100,21,0,14,19,27,38,37,18,52,41,42,42,125,51,56,56,149,142,187,191,187,193,185,0,0,0,278,258,265,251,218,212,169,0,0,0,69,36,36,36,41,58,48,42,392,403,612,540,520,563,814,772,1532,1470,1029,1329,1302,1162,1737,1594,1449,1320,1672,1460,1795,1789,29973,29974,29973,29974,5464,5146,29992,29993,29997,29998,29998,29999,29999]} 1. d4 f5 2. c4 Nf6 3. Nc3 e6 4. Nf3 Bb4 5. Qc2 b6 6. a3 Bxc3+ 7. Qxc3 Bb7 8. g3 {E32: Nimzo-Indian: Classical (4 Qc2): 4...0-0} d6 9. Bg2 Nbd7 (9... O-O 10. O-O Nbd7 11. b4 Qe8 12. a4 a5 13. b5 Qh5 14. Qc2 Rae8 15. Ba3 f4 {0-1 (68) Fedoseev,V (2548)-Khismatullin,D (2656) Plovdiv 2012}) 10. O-O Qe7 11. b4 {[%cal Bb2b4,Bb4b5][%mdl 32]} O-O 12. Bb2 {LiveBook: 24 Games} Rae8 13. a4 Ne4 14. Qc2 c5 $146 ({Predecessor:} 14... g5 15. a5 g4 {1-0 (38) Herndl,H (2370)-Roth,P (2265) Austria 1998}) 15. dxc5 $1 bxc5 16. b5 Ndf6 17. a5 f4 (17... e5 $14) 18. a6 ({White should try} 18. gxf4 $16 Nd7 19. e3) 18... Ba8 $1 $14 19. gxf4 {[%cal Bg3f4,Bf4e5][%mdl 32]} Nh5 ({Better is} 19... Ng4 $14) 20. e3 $16 e5 21. fxe5 Rxf3 22. Bxf3 Qg5+ {[#]} 23. Kh1 $2 ({Only move:} 23. Bg2 $1 $18 Nd2 24. f3 Nxf3+ 25. Rxf3 Bxf3 26. b6 (26. exd6 Rxe3 27. h4 Qg4 $11) 26... dxe5 27. bxa7) 23... Qf5 $1 $11 {[%cal Rf5f3]} 24. Qd1 $1 {Hoping for b6.} Nc3 $2 {[%mdl 8192]} (24... Re6 $1 $11) 25. Bxa8 $18 Nxd1 26. Bd5+ Kh8 27. Raxd1 dxe5 28. Rd2 $2 (28. Bg2 $18) 28... Nf6 $1 $11 {[%cal Rf6d5]} 29. Bg2 $1 Qe6 (29... Ne4 $11 30. Rd5 Nxf2+ 31. Kg1 Nh3+ 32. Kh1 Nf2+ 33. Kg1 Nh3+ 34. Kh1 Nf2+) 30. Rfd1 (30. Bc6 {with more complications.} Rc8 31. f3 Kg8 32. Bb7 Re8 33. Rc1) 30... h5 31. Rd8 Rxd8 $1 32. Rxd8+ Kh7 {[#] White must now prevent ...Qf5.} 33. h3 {Rb8 is the strong threat.} e4 $2 {[%mdl 8192]} (33... g5 $1 $14) 34. Ra8 $18 Qe7 (34... Qd7 $142 35. Bxf6 gxf6 36. Bxe4+ Kg7) 35. Rb8 Qd6 36. Rb7 Qd1+ 37. Kh2 Ng4+ 38. hxg4 Qd6+ 39. Kh3 hxg4+ 40. Kh4 Qh2+ 41. Kg5 Qh6+ 42. Kf5 Qg6+ 43. Kf4 Kh6 44. Rxg7 Qh5 45. Kg3 Qe8 46. Rxg4 Qb8+ 47. Kh3 Kh5 48. Bxe4 {White mates.} Qf8 49. Rh4+ Kg5 50. f4+ Qxf4 51. exf4# {Accuracy: White = 75%, Black = 39%.} 1-0

[Event "XXIX Cracovia 2018"]
[Site "Krakow"]
[Date "2019.01.02"]
[Round "7"]
[White "Zylka, Stanislaw"]
[Black "Lis, Mateusz"]
[Result "1-0"]
[WhiteElo "2305"]
[BlackElo "2123"]
[Annotator "NA"]
[PlyCount "100"]
[EventDate "2018.12.27"]
[EventType "swiss"]
[EventCountry "POL"]
[SourceTitle "playchess.com"]
[Source "ChessBase"]
[SourceQuality "1"]
[TimeControl "40/5400+30:1800+30"]

1. e4 {[%emt 0:00:00]} c5 {[%emt 0:00:00]} 2. Nf3 {[%emt 0:00:01]} e6 {[%emt 0:00:00]} 3. d4 {[%emt 0:00:07]} cxd4 {[%emt 0:00:00]} 4. Nxd4 {[%emt 0:00:09]} Nc6 {[%emt 0:00:00]} 5. Nc3 {[%emt 0:00:06]} Qc7 {[%emt 0:00:19]} 6. Be3 {[%emt 0:00:08]} a6 {[%emt 0:00:07]} 7. Qf3 {[%emt 0:00:05]} Nf6 {[%emt 0:01:24]} 8. O-O-O {[%emt 0:00:19]} Bb4 {[%emt 0:05:21]} 9. Nxc6 {[%emt 0:00:09]} dxc6 {[%emt 0:06:18]} 10. Bd4 {[%emt 0:00:17]} e5 {[%emt 0:07:14]} 11. Qg3 {[%emt 0:00:25]} Bd6 {[%emt 0:02:37]} 12. Qxg7 {[%emt 0:01:19]} Rg8 {[%emt 0:00:30]} 13. Qxf6 {[%emt 0:00:18]} exd4 {[%emt 0:00:07]} 14. Qxd4 {[%emt 0:00:29]} Be5 {[%emt 0:00:20]} 15. Qd3 {[%emt 0:01:21]} Bd7 {[%emt 0:05:10]} 16. g3 {[%emt 0:01:22]} O-O-O {[%emt 0:00:34]} 17. Qe3 {[%emt 0:01:46]} f5 {[%emt 0:03:11]} 18. Na4 {[%emt 0:13:56]} Kb8 {[%emt 0:06:01]} 19. Nc5 {[%emt 0:05:07]} Bc8 {[%emt 0:09:30]} 20. Bc4 {[%emt 0:00:50]} Rge8 {[%emt 0:01:48]} 21. f4 {[%emt 0:05:42]} Bd6 {[%emt 0:09:53]} 22. e5 {[%emt 0:00:20]} Qa5 {[%emt 0:00:42]} 23. Nxa6+ {[%emt 0:13:22]} Ka8 {[%emt 0:09:41]} 24. Rxd6 {[%emt 0:02:10]} Rxd6 {[%emt 0:10:38]} 25. Nc7+ {[%emt 0:00:23]} Qxc7 {[%emt 0:01:15]} 26. Qa3+ {[%emt 0:01:46]} Kb8 {[%emt 0:00:05]} 27. Qxd6 {[%emt 0:00:10]} Qxd6 {[%emt 0:00:21]} 28. exd6 {[%emt 0:00:02]} b5 {[%emt 0:00:41]} 29. Bd3 {[%emt 0:00:01]} Rd8 {[%emt 0:00:26]} 30. Re1 {[%emt 0:00:08]} Rxd6 {[%emt 0:00:04]} 31. Re8 {[%emt 0:00:34]} Kc7 {[%emt 0:01:03]} 32. Re7+ {[%emt 0:00:14]} Rd7 {[%emt 0:00:24]} 33. Re5 {[%emt 0:00:10]} Rf7 {[%emt 0:00:07]} 34. Kd2 {[%emt 0:00:15]} Kd6 {[%emt 0:00:09]} 35. Ke3 {[%emt 0:00:17]} Rf6 {[%emt 0:01:00]} 36. Kf2 {[%emt 0:03:37]} Bd7 {[%emt 0:03:15]} 37. c4 {[%emt 0:00:37]} bxc4 {[%emt 0:00:51]} 38. Bxc4 {[%emt 0:00:02]} c5 {[%emt 0:00:18]} 39. Bd3 {[%emt 0:00:13]} Be6 {[%emt 0:00:07]} 40. a4 {[%emt 0:00:00]} Rf8 {[%emt 0:00:00]} 41. Bb5 {[%emt 0:02:53]} Rb8 {[%emt 0:01:52]} 42. Ke3 {[%emt 0:01:45]} Rb7 {[%emt 0:00:13]} 43. Kd3 {[%emt 0:00:37]} h5 {[%emt 0:03:53]} 44. Kc3 {[%emt 0:00:52]} h4 {[%emt 0:00:37]} 45. b4 {[%emt 0:00:32]} cxb4+ {[%emt 0:00:28]} 46. Kxb4 {[%emt 0:00:02]} Rc7 {[%emt 0:04:15]} 47. a5 {[%emt 0:01:03]} Rc1 {[%emt 0:03:32]} 48. a6 {[%emt 0:00:25]} hxg3 {[%emt 0:01:28]} 49. hxg3 {[%emt 0:00:06]} Bd5 {[%emt 0:00:04]} 50. Rxd5+ {[%emt 0:01:01]} Kxd5 1-0

[Event "XXIX Cracovia 2018"]
[Site "Krakow"]
[Date "2019.01.02"]
[Round "7"]
[White "Belous, Mikhail"]
[Black "Golubka, Petro"]
[Result "0-1"]
[WhiteElo "2299"]
[BlackElo "2464"]
[Annotator "TA"]
[PlyCount "140"]
[EventDate "2018.12.27"]
[EventType "swiss"]
[EventCountry "POL"]
[SourceTitle "playchess.com"]
[Source "ChessBase"]
[SourceQuality "1"]

{[%evp 32,140,42,40,98,46,78,75,82,86,67,77,70,50,122,143,129,122,102,85,71,47,60,60,60,45,58,25,24,26,26,22,28,25,67,78,112,122,126,117,134,136,113,68,58,9,9,9,9,9,14,0,0,-7,-12,-35,-28,-96,-61,-100,-100,-100,-99,-104,-98,-195,-195,-206,-206,-206,-206,-206,-206,-268,-268,-295,-206,-206,-179,-429,-471,-468,-448,-431,-436,-464,0,-343,-294,-330,-326,-400,-390,-626,-741,-702,-660,-29973,-5729,-5081,-5078,-5066,-4748,-29979,-29980,-29979,-29980,-29991,-29992,-29992,-29993]} 1. d4 d6 2. c4 Nd7 3. Nc3 Ngf6 4. e4 e5 5. Nge2 Be7 6. g3 O-O 7. Bg2 c6 8. O-O a6 9. a4 a5 10. h3 exd4 11. Nxd4 Nc5 12. Be3 Re8 13. Qc2 Bf8 {A55: Old Indian Defence with Nf3 and e4} 14. Rad1 Qb6 15. f4 {[%cal Bf2f4,Bf4e5][%mdl 32]} (15. g4 g6 16. g5 Nh5 17. f4 Be6 18. Nxe6 Rxe6 19. Qf2 f5 20. gxf6 Rxf6 21. f5 {½-½ (29) Sorokin,A (2522)-Khismatullin,D (2617) St Petersburg 2018}) 15... h5 16. Bf2 Bd7 17. Rfe1 {LiveBook: 3 Games} Qa6 $146 (17... Rad8 $14) ({Predecessor:} 17... Qc7 18. f5 Rad8 19. Bf3 Bc8 {1-0 (68) Chatterjee,D (2262)-Hossain,E (2443) Dhaka 2013}) 18. b3 (18. Nb3 $16 Qxc4 19. Nxc5 dxc5 20. e5) 18... Qb6 19. e5 dxe5 20. fxe5 Nh7 21. Ndb5 $1 {aiming for Rxd7!} Be6 22. Nd6 Qxb3 (22... Bxd6 $1 $14 23. exd6 Qxb3 24. Qxb3 Nxb3) 23. Qxb3 $16 Nxb3 24. Nxe8 Rxe8 25. Ne4 {Black must now prevent Nd6.} Bb4 26. Re3 Nc5 $1 27. Nxc5 Bxc5 28. Red3 Be7 $1 29. Bb6 Nf8 30. Rd4 $36 {[%mdl 2048] White fights for an advantage.} Ng6 31. Re1 Bb4 32. Re3 Ne7 {Hoping for ...Nf5.} 33. Red3 $1 Kh7 34. Rd8 Rxd8 35. Rxd8 Bxc4 36. Rd7 Nd5 37. Bd4 ({Don't blunder} 37. Rxb7 $2 Nxb6 38. Bxc6 Be6 $19) 37... Nc3 38. Bxc3 Bxc3 39. Rxb7 Bxe5 $14 {[%mdl 4096] Endgame KRB-KB} 40. Be4+ g6 41. Kg2 c5 42. Rd7 Be6 43. Rd8 Kg7 44. Bc2 (44. Ra8 $11) 44... c4 45. h4 Bc7 46. Rd1 Kf6 47. Re1 Bd6 48. Kf3 (48. Bb1 $17 {is a better defense.}) 48... Bb4 $1 $19 {[%cal Rb4e1]} 49. Rb1 Ke5 50. Ke3 Bc5+ 51. Kd2 Kd4 52. Rb7 Bb4+ 53. Kd1 Kc3 54. Kc1 Bd6 55. Rb5 $2 (55. Rb6 Bc7 56. Rc6 Bxg3 57. Bxg6 $1 {[%mdl 512]}) 55... Bxg3 56. Rxa5 Bxh4 57. Re5 Bf6 58. Re1 Bh4 $2 ({Better is} 58... h4 $19 59. a5 h3 60. Re3+ Kd4 61. Re4+ Kc5 62. Rxe6 fxe6) 59. Re2 $2 {[%mdl 8192]} (59. Re5 $1 $11) 59... Bd8 60. Bxg6 {[#]} h4 $1 {[%cal Bh5h4,Bh4h3][%mdl 32]} (60... fxg6 61. Rxe6 g5 62. Kd1 $15) 61. Be4 h3 62. Rb2 $2 (62. Rc2+ Kb3 63. Rb2+ Kxa4 64. Rb1) 62... Bg5+ 63. Kb1 Kd4 64. Bh1 {Now Rb5 and White clings on.} c3 (64... Bf5+ $142 65. Rc2 c3 66. a5 Kc5 67. Bb7 Kb5 68. a6 Kb6 69. Bd5 h2 70. a7 Kxa7 71. Bf3 Kb6 72. Bg2 Kc5 73. Bh1 Kd4 74. Bb7 Bd2 75. Bg2 Be4 76. Bxe4 Kxe4 77. Ra2 Kd3 78. Ra6 h1=Q+ 79. Ka2 Qd5+ 80. Ka3 c2 81. Rc6 Qxc6 82. Kb3 Qc4+ 83. Kb2 c1=Q#) 65. Rb4+ Kd3 {( -> ...c2+)} 66. Be4+ Kd2 67. a5 h2 {Black mates.} 68. Rd4+ Ke3 69. a6 Kxd4 70. a7 Bf5 {[%mdl 64] Promotion. Accuracy: White = 47%, Black = 71%.} 0-1

[Event "XXIX Cracovia 2018"]
[Site "Krakow"]
[Date "2019.01.02"]
[Round "7"]
[White "Miroshnichenko, Pavel"]
[Black "Lewtak, Damian"]
[Result "1/2-1/2"]
[WhiteElo "2275"]
[BlackElo "2393"]
[Annotator "NA"]
[PlyCount "43"]
[EventDate "2018.12.27"]
[EventType "swiss"]
[EventCountry "POL"]
[SourceTitle "playchess.com"]
[Source "ChessBase"]
[SourceQuality "1"]
[TimeControl "40/5400+30:1800+30"]

1. Nf3 {[%emt 0:00:38]} Nf6 {[%emt 0:00:00]} 2. c4 {[%emt 0:00:06]} e6 {[%emt 0:00:00]} 3. Nc3 {[%emt 0:00:31]} d5 {[%emt 0:00:00]} 4. e3 {[%emt 0:00:12]} Be7 {[%emt 0:01:51]} 5. b3 {[%emt 0:00:33]} b6 {[%emt 0:00:52]} 6. Bb2 {[%emt 0:00:48]} O-O {[%emt 0:00:33]} 7. Qc2 {[%emt 0:02:23]} Bb7 {[%emt 0:01:00]} 8. Be2 {[%emt 0:02:21]} c5 {[%emt 0:00:30]} 9. cxd5 {[%emt 0:02:01]} Nxd5 {[%emt 0:01:10]} 10. Nxd5 {[%emt 0:03:03]} Qxd5 {[%emt 0:00:49]} 11. h4 {[%emt 0:10:01]} Rd8 {[%emt 0:03:16]} 12. Ng5 {[%emt 0:03:48]} Qf5 {[%emt 0:00:07]} 13. Qxf5 {[%emt 0:12:49]} exf5 {[%emt 0:00:05]} 14. Bf3 {[%emt 0:01:24]} Nc6 {[%emt 0:01:18]} 15. g3 {[%emt 0:03:19]} Rac8 {[%emt 0:00:59]} 16. Bc3 {[%emt 0:05:24]} Ba6 {[%emt 0:02:46]} 17. Be2 {[%emt 0:00:38]} Bb7 {[%emt 0:04:16]} 18. O-O {[%emt 0:04:40]} Bf6 {[%emt 0:02:30]} 19. Rfd1 {[%emt 0:05:20]} Bxc3 {[%emt 0:25:10]} 20. dxc3 {[%emt 0:00:09]} Rxd1+ {[%emt 0:01:01]} 21. Rxd1 {[%emt 0:00:20]} Rd8 {[%emt 0:00:06]} 22. Rxd8+ {[%emt 0:02:39]} 1/2-1/2

[Event "XXIX Cracovia 2018"]
[Site "Krakow"]
[Date "2019.01.02"]
[Round "7"]
[White "Marczuk, Dominik"]
[Black "Grib, Roman"]
[Result "0-1"]
[WhiteElo "2274"]
[BlackElo "2412"]
[Annotator "TA"]
[PlyCount "96"]
[EventDate "2018.12.27"]
[EventType "swiss"]
[EventCountry "POL"]
[SourceTitle "playchess.com"]
[Source "ChessBase"]
[SourceQuality "1"]

{[%evp 24,96,6,9,51,25,28,1,19,-56,-37,-70,-70,-80,-66,-89,-93,-82,-59,-204,-204,-202,-194,-199,-206,-194,-204,-169,-173,-173,-173,-187,-172,-155,-100,-100,-105,-100,-83,-104,-91,-100,-99,-162,-111,-109,-71,-109,-99,-197,-130,-154,-158,-511,-308,-500,-472,-418,-52,-120,-113,-366,-363,-1024,-990,-873,-892,-690,-183,-263,-237,-29986,-29987,-29997,-29998]} 1. f4 c5 2. Nf3 Nc6 3. g3 g6 4. Bg2 Bg7 5. O-O d5 6. d3 Nf6 7. Qe1 d4 8. Na3 O-O 9. c3 Nd5 10. Bd2 {A03: Bird's Opening with 1...d5} e5 11. fxe5 Nxe5 12. Nxe5 Bxe5 13. Nc2 {[#] LiveBook: 15 Games} h5 $146 ({Predecessor:} 13... Be6 14. c4 Ne7 15. b4 cxb4 16. Nxb4 {½-½ (36) Kamsky,G (2693)-Sjugirov,S (2610) Moscow 2010}) 14. c4 Nf6 15. Bg5 {Threatening b4.} a5 16. Na3 (16. Qd2 $11) 16... Qb6 $15 17. h3 Bd7 18. Qf2 $1 {[%cal Rg5f6]} Ra6 19. Rab1 Qc7 20. Bf4 Re8 21. Bxe5 (21. e4 $15) 21... Rxe5 $19 ({Don't do} 21... Qxe5 22. Rbe1 $15) 22. Nc2 Rae6 23. Rbe1 Rf5 24. Bf3 {[#]} Ng4 $1 {[%mdl 512]} 25. hxg4 (25. Bxg4 Rxf2) 25... hxg4 26. Qg2 gxf3 27. exf3 Rxe1 28. Nxe1 Bc6 (28... Rh5 $142 29. g4 Rh4) 29. g4 $17 Re5 {Hoping for ...Re3.} 30. Qg3 Qe7 {Strongly threatening ...b5.} 31. Ng2 g5 32. Rf2 Kg7 33. Kh2 (33. b3 $17 {might work better.}) 33... Re2 (33... a4 $19 34. Kg1 Re6) 34. Kg1 b5 35. b3 a4 {[%cal Ba5a4,Ba4a3][%mdl 32]} 36. Kf1 (36. Rxe2 $17 Qxe2 {[%mdl 64] Double Attack} 37. Ne1) 36... Re5 (36... Re6 $19 37. Kg1 Qb7) 37. Kg1 a3 38. Kh2 $2 (38. cxb5 $17 Bxb5 39. f4 gxf4 40. Rxf4) 38... Re2 39. Kg1 $2 (39. Rxe2 {was necessary.} Qxe2 {[%mdl 64] Double Attack} 40. cxb5 Bxf3 41. Kg1) 39... bxc4 $19 40. bxc4 Rxf2 $2 (40... Rb2 $19 {Threatens to win with ...Bb7.} 41. f4 Qc7) 41. Kxf2 {[#]} (41. Qxf2 $15 Qf6 42. Ne1) 41... Ba4 $1 $17 {[%cal Ra4b3]} 42. Qb8 $2 {[%mdl 8192] [#]} (42. Kf1 $17 {was worth a try.}) 42... Bc2 $1 $19 {[%cal Rc2d3]} 43. f4 $2 (43. Kg1) 43... Bxd3 {...Qe2+ is the strong threat.} 44. fxg5 Bxc4 45. Nf4 Qe3+ $2 (45... Qxg5 46. Nh5+ Kh7 47. Qb1+ d3) 46. Kg2 {Intending Nh5+ and mate.} Qd2+ 47. Kf3 $2 (47. Kg3 $19 Qe3+ 48. Kg2) 47... Qc3+ 48. Ke4 Qe3+ {Accuracy: White = 26%, Black = 53%.} 0-1

[Event "XXIX Cracovia 2018"]
[Site "Krakow"]
[Date "2019.01.02"]
[Round "7"]
[White "Piotrowski, Przemyslaw"]
[Black "Lewicki, Miroslaw"]
[Result "0-1"]
[WhiteElo "2269"]
[BlackElo "2347"]
[Annotator "NA"]
[PlyCount "56"]
[EventDate "2018.12.27"]
[EventType "swiss"]
[EventCountry "POL"]
[SourceTitle "playchess.com"]
[Source "ChessBase"]
[SourceQuality "1"]
[TimeControl "40/5400+30:1800+30"]

1. d4 {[%emt 0:00:00]} Nf6 {[%emt 0:06:33]} 2. Nf3 {[%emt 0:00:00]} e6 {[%emt 0:00:07]} 3. g3 {[%emt 0:00:00]} b6 {[%emt 0:00:09]} 4. Bg2 {[%emt 0:00:00]} Bb7 {[%emt 0:00:08]} 5. O-O {[%emt 0:00:00]} Be7 {[%emt 0:00:10]} 6. c4 {[%emt 0:00:01]} d5 {[%emt 0:00:06]} 7. cxd5 {[%emt 0:04:04]} exd5 {[%emt 0:00:09]} 8. Nc3 {[%emt 0:00:05]} O-O {[%emt 0:00:06]} 9. Bf4 {[%emt 0:02:43]} Nbd7 {[%emt 0:03:13]} 10. Rc1 {[%emt 0:11:11]} c5 {[%emt 0:03:36]} 11. dxc5 {[%emt 0:11:16]} Nxc5 {[%emt 0:00:19]} 12. Nd4 {[%emt 0:02:35]} Qd7 {[%emt 0:01:37]} 13. b4 {[%emt 0:14:06]} Ne6 {[%emt 0:01:52]} 14. Nxe6 {[%emt 0:00:10]} Qxe6 {[%emt 0:03:35]} 15. Nb5 {[%emt 0:06:42]} Rac8 {[%emt 0:00:39]} 16. Nd4 {[%emt 0:04:28]} Qd7 {[%emt 0:00:14]} 17. Qb3 {[%emt 0:07:28]} b5 {[%emt 0:00:50]} 18. Nf3 {[%emt 0:06:10]} Bd6 {[%emt 0:03:51]} 19. Ne5 {[%emt 0:00:25]} Qe7 {[%emt 0:01:05]} 20. Nd3 {[%emt 0:00:29]} Bxf4 {[%emt 0:00:14]} 21. Nxf4 {[%emt 0:00:17]} Rc4 {[%emt 0:00:13]} 22. a3 {[%emt 0:04:04]} g5 {[%emt 0:01:46]} 23. Nd3 {[%emt 0:03:04]} Qxe2 {[%emt 0:00:10]} 24. Rce1 {[%emt 0:04:34]} Qd2 {[%emt 0:01:20]} 25. Nc5 {[%emt 0:01:23]} Bc8 {[%emt 0:02:53]} 26. Re5 {[%emt 0:03:08]} h6 {[%emt 0:02:08]} 27. Rd1 {[%emt 0:01:29]} Rc1 {[%emt 0:00:07]} 28. Rf1 {[%emt 0:03:30]} Ng4 {[%emt 0:00:08]} 0-1

[Event "XXIX Cracovia 2018"]
[Site "Krakow"]
[Date "2019.01.02"]
[Round "7"]
[White "Chylewski, Patryk"]
[Black "Szpar, Milosz"]
[Result "1-0"]
[WhiteElo "2268"]
[BlackElo "2339"]
[Annotator "NA"]
[PlyCount "103"]
[EventDate "2018.12.27"]
[EventType "swiss"]
[EventCountry "POL"]
[SourceTitle "playchess.com"]
[Source "ChessBase"]
[SourceQuality "1"]
[TimeControl "40/5400+30:1800+30"]

1. d4 {[%emt 0:00:00]} Nf6 {[%emt 0:00:00]} 2. c4 {[%emt 0:00:00]} e6 {[%emt 0:00:00]} 3. Nc3 {[%emt 0:00:00]} Bb4 {[%emt 0:00:00]} 4. e3 {[%emt 0:00:06]} O-O {[%emt 0:00:09]} 5. Bd2 {[%emt 0:00:05]} d5 {[%emt 0:04:11]} 6. Nf3 {[%emt 0:00:12]} b6 {[%emt 0:05:43]} 7. cxd5 {[%emt 0:00:06]} exd5 {[%emt 0:00:59]} 8. Rc1 {[%emt 0:00:05]} c5 {[%emt 0:07:31]} 9. a3 {[%emt 0:04:43]} Bxc3 {[%emt 0:00:16]} 10. Bxc3 {[%emt 0:00:05]} c4 {[%emt 0:00:10]} 11. Be2 {[%emt 0:02:16]} Nc6 {[%emt 0:04:05]} 12. Ne5 {[%emt 0:07:23]} Bb7 {[%emt 0:02:17]} 13. O-O {[%emt 0:13:36]} Re8 {[%emt 0:04:20]} 14. Bf3 {[%emt 0:18:02]} b5 {[%emt 0:12:54]} 15. b4 {[%emt 0:09:34]} Qd6 {[%emt 0:01:52]} 16. Qd2 {[%emt 0:02:50]} Ne7 {[%emt 0:05:58]} 17. Ng4 {[%emt 0:08:14]} Ne4 {[%emt 0:03:06]} 18. Qc2 {[%emt 0:02:30]} h5 {[%emt 0:04:04]} 19. Ne5 {[%emt 0:00:55]} g6 {[%emt 0:09:44]} 20. Be2 {[%emt 0:01:43]} a5 {[%emt 0:04:51]} 21. Rb1 {[%emt 0:01:53]} f6 {[%emt 0:02:15]} 22. Nf3 {[%emt 0:08:46]} Nc6 {[%emt 0:01:46]} 23. Rb2 {[%emt 0:09:45]} axb4 {[%emt 0:02:47]} 24. Bxb4 {[%emt 0:00:08]} Nxb4 {[%emt 0:00:25]} 25. axb4 {[%emt 0:00:50]} Ra3 {[%emt 0:03:29]} 26. Nd2 {[%emt 0:03:22]} f5 {[%emt 0:01:35]} 27. Nb1 {[%emt 0:01:57]} Ra4 {[%emt 0:02:08]} 28. f3 {[%emt 0:00:19]} Nf6 {[%emt 0:01:25]} 29. Qd2 {[%emt 0:00:22]} Bc6 {[%emt 0:00:33]} 30. Bd1 {[%emt 0:00:21]} Ra7 {[%emt 0:00:28]} 31. Bc2 {[%emt 0:01:47]} Rae7 {[%emt 0:01:03]} 32. Re1 {[%emt 0:00:06]} Re6 {[%emt 0:02:40]} 33. Nc3 {[%emt 0:00:32]} Kf7 {[%emt 0:02:46]} 34. Nd1 {[%emt 0:02:22]} f4 {[%emt 0:01:43]} 35. Bb1 {[%emt 0:00:57]} fxe3 {[%emt 0:00:26]} 36. Rxe3 {[%emt 0:00:26]} Rxe3 {[%emt 0:02:40]} 37. Nxe3 {[%emt 0:00:03]} Qf4 {[%emt 0:00:45]} 38. Nxc4 {[%emt 0:01:07]} Re1+ {[%emt 0:04:42]} 39. Qxe1 {[%emt 0:00:37]} dxc4 {[%emt 0:01:42]} 40. Qd2 {[%emt 0:00:00]} Qxd2 {[%emt 0:00:00]} 41. Rxd2 {[%emt 0:01:09]} Nd5 {[%emt 0:01:23]} 42. Rb2 {[%emt 0:06:05]} Nc3 {[%emt 0:02:51]} 43. Be4 {[%emt 0:06:53]} Bxe4 {[%emt 0:03:47]} 44. fxe4 {[%emt 0:00:05]} Ke6 {[%emt 0:04:07]} 45. e5 {[%emt 0:03:09]} Kd5 {[%emt 0:00:32]} 46. Kf1 {[%emt 0:02:35]} Ne4 {[%emt 0:01:44]} 47. Re2 {[%emt 0:01:08]} Ng5 {[%emt 0:01:41]} 48. e6 {[%emt 0:00:39]} Nxe6 {[%emt 0:00:03]} 49. Re5+ {[%emt 0:00:07]} Kd6 {[%emt 0:00:01]} 50. Rxb5 {[%emt 0:00:12]} c3 {[%emt 0:02:08]} 51. Rb6+ {[%emt 0:00:17]} Kd5 {[%emt 0:00:05]} 52. Rxe6 {[%emt 0:00:06]} 1-0